000 00350nam a2200133Ia 4500
008 151001s9999||||xx |||||||||||||| ||und||
100 _aगो. ना. दातार
245 _aइंद्रभुवन गुहा
250 _a1
260 _bप्रताप प्रकाशन
260 _c1980
300 _a432
365 _b18
999 _c960784
_d960781